Generic Eeb Content Management System (Record no. 9012)
[ view plain ]
| 000 -LEADER | |
|---|---|
| fixed length control field | 00285nam a2200121Ia 4500 |
| 008 - FIXED-LENGTH DATA ELEMENTS--GENERAL INFORMATION | |
| fixed length control field | 221030s9999 xx 000 0 und d |
| 082 ## - DEWEY DECIMAL CLASSIFICATION NUMBER | |
| Classification number | 105.6 |
| 100 ## - MAIN ENTRY--AUTHOR NAME | |
| Personal name | Vishav Nandani/204 |
| 245 #0 - TITLE STATEMENT | |
| Title | Generic Eeb Content Management System |
| 260 ## - PUBLICATION, DISTRIBUTION, ETC. (IMPRINT) | |
| Place of publication | NIC Jammu |
| Year of publication | 0 |
| 650 ## - SUBJECT ADDED ENTRY--TOPICAL TERM | |
| Topical Term | MCA |
| 942 ## - ADDED ENTRY ELEMENTS (KOHA) | |
| Koha item type | Thesis |
| Accession Number | Full call number | Price effective from | Koha item type | Withdrawn / writtenoff status | Damaged status | Not for loan | Permanent Location | Current Location | Shelving location | Date acquired | Lost/ Missing status | department |
|---|---|---|---|---|---|---|---|---|---|---|---|---|
| MCA-161 | 105.6 | 10/30/2022 | Thesis | MIET Library, Jammu | MIET Library, Jammu | BL-Academic Block-b, FL-2, CUP-175, SH-1, R-1 | 11/09/2012 | MCA |